| 000 | 01551nam a2200349 i 4500 | ||
|---|---|---|---|
| 999 |
_c200443542 _d61754 |
||
| 003 | TR-AnTOB | ||
| 005 | 20230221085149.0 | ||
| 007 | ta | ||
| 008 | 210915s1978 tu 00| 0 tur d | ||
| 040 |
_aTR-AnTOB _beng _erda _cTR-AnTOB |
||
| 041 | 0 |
_atur _beng |
|
| 050 | 4 |
_aSB818 _b.E34 1978 |
|
| 090 |
_aSB818 _b.E34 1978 |
||
| 245 | 0 | 0 |
_aEge ve Marmara bölgesinin zararlı böcek faunasının tesbiti üzerine çalışmalar : _b[Curculionidae, scarabaeidae (coleoptera); pentatomidae, ıygaeidae, miridae (heteroptera)) / _chazırlayanlar Prof. Dr. Niyazi Lodos, Dr. Feyzi Önder, Dr. Esat Pehlivan, As. Ruşen Atalay. |
| 264 | 1 |
_aAnkara : _bGıda-Tarım ve Hayvancılık Bakanlığı Zırai Mücadele ve Zıari Karantina Genel müdürlüğü, _c1978. |
|
| 300 |
_a301 pages : _billustrations ; _c24 cm |
||
| 336 |
_2rdacontent _atext _btxt |
||
| 337 |
_2rdamedia _aunmediated _bn |
||
| 338 |
_2rdacarrier _avolume _bnc |
||
| 500 | _a"Bu araştırma Türkiye Bilimsel ve Teknik Araştırma Kurumu tarafından desteklenmiştir. (Proje no: TOAG/168)" | ||
| 504 | _aBIBINDX | ||
| 650 | 7 |
_aBöcek zararlılar _2etuturkob _9140802 |
|
| 650 | 7 |
_aBöcek zararlılar _zTürkiye _2etuturkob _9140802 |
|
| 700 | 1 |
_aLodos, Niyazi _eeditor _9132611 |
|
| 700 | 1 |
_aÖnder, Feyzi _eeditor _9132612 |
|
| 700 | 1 |
_aPehlivan, Esat _eeditor _9132613 |
|
| 700 | 1 |
_aAtalay, Ruşen _eeditor _9132614 |
|
| 710 | 2 |
_aTürkiye. _bZirai Mücadele ve Zirai Karantina Genel Müdürlüğü _9140701 |
|
| 942 |
_2lcc _cBK |
||